[Event "Peristeri op 9th"]
[Site "Peristeri"]
[Date "2017.09.07"]
[Round "4"]
[White "Karagiannis, Athanasios"]
[Black "Georgiou, Kostantinos"]
[Result "1/2-1/2"]
[WhiteElo "2220"]
[BlackElo "2162"]
[PlyCount "146"]
[EventDate "2017.09.04"]
[EventType "swiss"]
[EventRounds "7"]
[EventCountry "GRE"]
[SourceTitle "CBM 180 Extra"]
[Source "ChessBase"]
[SourceDate "2017.10.06"]
[SourceVersion "1"]
[SourceVersionDate "2017.10.06"]
[SourceQuality "1"]

1. e4 c5 2. Nf3 d6 3. c3 Nf6 4. Bd3 g6 5. 0-0 Bg7 6. h3 0-0 7. Bc2 e5 8. d4 Qc7 9. dxe5 dxe5 10. Be3 b6 11. a4 Bb7 12. Nbd2 Nc6 13. Qe2 h6 14. Rfd1 Rac8 15. Nc4 Rfd8 16. Rxd8+ Rxd8 17. Rd1 Ba6 18. Rxd8+ Qxd8 19. Bc1 Nh5 20. Qd3 Qf6 21. Qd5 Bxc4 22. Qxc4 Nf4 23. Kh2 g5 24. Qa6 Kh7 25. Qc8 Ne7 26. Qd7 a5 27. Be3 h5 28. Bb3 Kg6 29. Bc4 Ng8 30. Nxe5+ Qxe5 31. Qxf7+ Kh6 32. Bxf4 Qxf4+ 33. Qxf4 gxf4 34. Bxg8 h4 35. Kg1 Kg5 36. Kf1 Kf6 37. Ke2 Ke5 38. Kf3 Bf6 39. Bd5 Be7 40. g3 fxg3 41. fxg3 hxg3 42. Kxg3 Bg5 43. Kg4 Bc1 44. b3 Kf6 45. h4 Bd2 46. c4 Be3 47. Kh5 Bf4 48. Bc6 Bg3 49. Kg4 Be1 50. e5+ Kxe5 51. Kg5 Ke6 52. Bd5+ Ke7 53. h5 Kf8 54. h6 Bd2+ 55. Kg6 Bc3 56. Kf5 Bd2 57. h7 Kg7 58. Bg8 Bc3 59. Ke6 Bd2 60. Kd6 Bc3 61. Kc6 Bb4 62. Kxb6 Kh8 63. Kc6 Kg7 64. Kd5 Kh8 65. Ke6 Kg7 66. Kf5 Bc3 67. Ke6 Bb4 68. Ke7 Bc3 69. Ke6 Bb4 70. Kf5 Bc3 71. Ke4 Bb4 72. Kd5 Kh8 73. Ke6 Kg7 1/2-1/2

[Event "Nikaia op 25th"]
[Site "Nikaia"]
[Date "2017.08.30"]
[Round "5"]
[White "Nemtsas, Hristoforos"]
[Black "Georgiou, Kostantinos"]
[Result "0-1"]
[WhiteElo "1938"]
[BlackElo "2162"]
[PlyCount "56"]
[EventDate "2017.08.26"]
[EventType "swiss"]
[EventRounds "9"]
[EventCountry "GRE"]
[SourceTitle "CBM 180 Extra"]
[Source "ChessBase"]
[SourceDate "2017.10.06"]
[SourceVersion "1"]
[SourceVersionDate "2017.10.06"]
[SourceQuality "1"]

1. d4 d5 2. c4 e6 3. Nc3 c5 4. cxd5 exd5 5. Nf3 Nc6 6. g3 Nf6 7. Bg2 Be7 8. 0-0 0-0 9. Bg5 c4 10. Ne5 Be6 11. f4 h6 12. Bxf6 Bxf6 13. f5 Bc8 14. Nxd5 Nxe5 15. dxe5 Bxe5 16. f6 Be6 17. fxg7 Bxg7 18. Qd2 Bxd5 19. Bxd5 Qb6+ 20. Kh1 Qxb2 21. Qf4 Qe5 22. Bxf7+ Kh8 23. Qxe5 Bxe5 24. Rab1 c3 25. Kg2 Rac8 26. Be6 Rxf1 27. Kxf1 Rf8+ 28. Ke1 c2 0-1

[Event "Nikaia op 25th"]
[Site "Nikaia"]
[Date "2017.08.29"]
[Round "4"]
[White "Georgiou, Kostantinos"]
[Black "Stathopoulos, Ioannis"]
[Result "0-1"]
[WhiteElo "2162"]
[BlackElo "2323"]
[PlyCount "110"]
[EventDate "2017.08.26"]
[EventType "swiss"]
[EventRounds "9"]
[EventCountry "GRE"]
[SourceTitle "CBM 180 Extra"]
[Source "ChessBase"]
[SourceDate "2017.10.06"]
[SourceVersion "1"]
[SourceVersionDate "2017.10.06"]
[SourceQuality "1"]

1. e4 c5 2. Nf3 d6 3. d4 cxd4 4. Nxd4 Nf6 5. Nc3 a6 6. f4 Qc7 7. a4 e5 8. Nf3 b6 9. Bd3 Nbd7 10. 0-0 Be7 11. Kh1 Bb7 12. Qe2 Nc5 13. Bd2 0-0 14. Rae1 Rae8 15. Qf2 Nfd7 16. fxe5 Nxd3 17. cxd3 dxe5 18. Qg3 Kh8 19. d4 Bd6 20. Qh3 f6 21. d5 Nc5 22. Nh4 Bc8 23. g4 Kg8 24. Nf5 Nb3 25. Be3 Bc5 26. Rd1 Bxe3 27. d6 Qc6 28. Ne7+ Rxe7 29. dxe7 Re8 30. Qxe3 Nd4 31. g5 f5 32. Nd5 Be6 33. Rc1 Bxd5 34. Rxc6 Bxc6 35. Rxf5 Nxf5 36. Qb3+ Kh8 37. Qe6 Nxe7 38. Qxe5 Ng8 39. Qd6 Bxa4 40. Qxb6 Bb5 41. Qb7 Bd3 42. Kg1 Rxe4 43. Qd5 Re1+ 44. Kf2 Re2+ 45. Kg3 Bb5 46. b4 Re3+ 47. Kf2 Rh3 48. Qd6 h6 49. g6 Rh5 50. Kg3 Rf5 51. Kh4 Rf6 52. Qg3 Be8 53. h3 Rxg6 54. Qb8 Nf6 55. b5 Rg2 0-1

[Event "Nikaia op 25th"]
[Site "Nikaia"]
[Date "2017.08.27"]
[Round "2"]
[White "Giannakoulopoulos, Spyridon"]
[Black "Georgiou, Kostantinos"]
[Result "0-1"]
[WhiteElo "1929"]
[BlackElo "2162"]
[PlyCount "72"]
[EventDate "2017.08.26"]
[EventType "swiss"]
[EventRounds "9"]
[EventCountry "GRE"]
[SourceTitle "CBM 180 Extra"]
[Source "ChessBase"]
[SourceDate "2017.10.06"]
[SourceVersion "1"]
[SourceVersionDate "2017.10.06"]
[SourceQuality "1"]

1. d4 d5 2. Nc3 Nf6 3. Bg5 Nbd7 4. Nf3 c6 5. Qd3 Qa5 6. 0-0-0 Ne4 7. Nxe4 dxe4 8. Qxe4 Qxa2 9. c3 Nb6 10. Qb1 Qa5 11. e4 Be6 12. Bd3 Bb3 13. Be3 Bxd1 14. Rxd1 e6 15. b4 Qh5 16. Rg1 f6 17. c4 Qf7 18. c5 Nd7 19. e5 Be7 20. Qb3 b5 21. Be4 Rc8 22. g4 0-0 23. Kb2 Kh8 24. Ra1 Rc7 25. Ra6 Nb8 26. Ra3 g6 27. exf6 Bxf6 28. g5 Bg7 29. Ne5 Bxe5 30. dxe5 Rd8 31. h4 Rcd7 32. f4 Rd2+ 33. Kc1 Rh2 34. Qc3 Rxh4 35. Ra2 Rxf4 36. Rh2 Rxe4 0-1

[Event "Aegean op 39th"]
[Site "Aghios Kirykos"]
[Date "2016.07.13"]
[Round "3"]
[White "Georgiou, Kostantinos"]
[Black "Dorfanis, Ilarion"]
[Result "1-0"]
[WhiteElo "2223"]
[BlackElo "2121"]
[PlyCount "81"]
[EventDate "2016.07.11"]
[EventType "swiss"]
[EventRounds "9"]
[EventCountry "GRE"]
[SourceTitle "CBM 173 Extra"]
[Source "ChessBase"]
[SourceDate "2016.08.29"]
[SourceVersion "1"]
[SourceVersionDate "2016.08.29"]
[SourceQuality "1"]

1. e4 c5 2. Nf3 e6 3. c3 Nf6 4. e5 Nd5 5. d4 cxd4 6. cxd4 d6 7. exd6 Bxd6 8. Nc3 Nf6 9. Bd3 0-0 10. 0-0 Nbd7 11. Bg5 h6 12. Bh4 Be7 13. Rc1 Nb6 14. Bb1 Nh5 15. Qd3 g6 16. Bxe7 Qxe7 17. Qe3 Kh7 18. Qe5 Nf6 19. h4 Nbd7 20. Qe2 Nb6 21. a4 Bd7 22. a5 Nc8 23. Ne5 Kg7 24. Ne4 Nxe4 25. Qxe4 Nd6 26. Qg4 h5 27. Qg3 Be8 28. Rfe1 Rc8 29. Rxc8 Nxc8 30. d5 Qb4 31. Nd3 Qxa5 32. dxe6 fxe6 33. b4 Qd8 34. Nf4 Qd2 35. Nxe6+ Kg8 36. Rf1 Rf6 37. Qe5 Rf7 38. Bxg6 Qd6 39. Bxf7+ Kxf7 40. Ng5+ Kf8 41. Qh8+ 1-0

[Event "Aegean op 39th"]
[Site "Aghios Kirykos"]
[Date "2016.07.12"]
[Round "2"]
[White "Giannopoulos, Ioannis"]
[Black "Georgiou, Kostantinos"]
[Result "0-1"]
[WhiteElo "1838"]
[BlackElo "2223"]
[PlyCount "88"]
[EventDate "2016.07.11"]
[EventType "swiss"]
[EventRounds "9"]
[EventCountry "GRE"]
[SourceTitle "CBM 173 Extra"]
[Source "ChessBase"]
[SourceDate "2016.08.29"]
[SourceVersion "1"]
[SourceVersionDate "2016.08.29"]
[SourceQuality "1"]

1. d4 d5 2. c4 e6 3. cxd5 exd5 4. Nc3 c5 5. Nf3 Nc6 6. g3 Nf6 7. Bg2 Be7 8. 0-0 0-0 9. Bg5 c4 10. Ne5 Be6 11. f3 Qa5 12. Qd2 Nxd4 13. Bxf6 gxf6 14. Ng4 Nc6 15. Qh6 f5 16. Nf6+ Bxf6 17. Qxf6 Qd8 18. Qh6 d4 19. Rad1 Qe7 20. Nb5 Rad8 21. Qf4 d3 22. exd3 cxd3 23. Rfe1 a6 24. Nc7 Qf6 25. Nxe6 fxe6 26. Rd2 Rfe8 27. Qc4 Na5 28. Qc7 Qd4+ 29. Kh1 Nc4 30. Rdd1 d2 31. Re2 Qd3 32. Rf2 Qe3 33. Qf4 Qxf2 34. Qg5+ Kf7 35. Qh5+ Ke7 36. Qh4+ Kd7 37. Qxc4 Qe1+ 38. Qf1 Qxf1+ 39. Bxf1 Ke7 40. f4 Rd6 41. Kg2 Rc8 42. Kf2 Rc2 43. Ke3 Rxb2 44. Bc4 b5 0-1

[Event "Athens Iraklion op 19th"]
[Site "Athens"]
[Date "2016.06.25"]
[Round "8"]
[White "Georgiou, Kostantinos"]
[Black "Koutourinis, Apostolos"]
[Result "1-0"]
[WhiteElo "2186"]
[BlackElo "2031"]
[PlyCount "91"]
[EventDate "2016.06.18"]
[EventType "swiss"]
[EventRounds "9"]
[EventCountry "GRE"]
[SourceTitle "CBM 173 Extra"]
[Source "ChessBase"]
[SourceDate "2016.08.29"]
[SourceVersion "1"]
[SourceVersionDate "2016.08.29"]
[SourceQuality "1"]

1. e4 c5 2. Nf3 d6 3. d4 cxd4 4. Nxd4 Nf6 5. f3 g6 6. c4 Bg7 7. Nc3 Nc6 8. Nc2 0-0 9. Be2 Be6 10. 0-0 Rc8 11. Be3 Na5 12. b3 Ng4 13. Bd4 Bxd4+ 14. Qxd4 Nc6 15. Qd2 Qb6+ 16. Kh1 Nf2+ 17. Rxf2 Qxf2 18. Ne3 Qh4 19. g3 Qf6 20. Rd1 Qg7 21. g4 Qe5 22. Nf1 f5 23. f4 Qf6 24. exf5 gxf5 25. g5 Qg7 26. Ng3 Rfd8 27. Qe3 Bd7 28. Nd5 Qf8 29. Qf3 Nb8 30. Qe3 Bc6 31. Bf3 Re8 32. Kg1 e5 33. Nf6+ Kh8 34. Nxf5 Bxf3 35. Qxf3 Nc6 36. Qh3 Rc7 37. Nxe8 Qxe8 38. Qh6 Qf7 39. Nxd6 Qxf4 40. Rf1 Qg4+ 41. Kh1 Ne7 42. Rf8+ Ng8 43. Qf6+ Rg7 44. Qh6 Rc7 45. Qf6+ Rg7 46. Nf7# 1-0

[Event "Athens Iraklion op 19th"]
[Site "Athens"]
[Date "2016.06.22"]
[Round "5"]
[White "Georgiou, Kostantinos"]
[Black "Karousos Theodorakis, Nikolaos"]
[Result "1/2-1/2"]
[WhiteElo "2186"]
[BlackElo "2214"]
[PlyCount "85"]
[EventDate "2016.06.18"]
[EventType "swiss"]
[EventRounds "9"]
[EventCountry "GRE"]
[SourceTitle "CBM 173 Extra"]
[Source "ChessBase"]
[SourceDate "2016.08.29"]
[SourceVersion "1"]
[SourceVersionDate "2016.08.29"]
[SourceQuality "1"]

1. e4 c5 2. Nf3 g6 3. c3 Bg7 4. d4 cxd4 5. cxd4 d5 6. exd5 Nf6 7. Bb5+ Bd7 8. Bc4 b5 9. Bb3 0-0 10. 0-0 Bf5 11. Re1 Nxd5 12. Nc3 Nxc3 13. bxc3 Nc6 14. Ba3 b4 15. Bxb4 Nxb4 16. cxb4 Bg4 17. Rc1 Rb8 18. h3 Bxf3 19. Qxf3 Bxd4 20. Rc4 Rb6 21. Rd1 e5 22. Rc6 Rxb4 23. Rdc1 Rb6 24. Rxb6 Qxb6 25. Rc6 Qb4 26. Kh2 Qe1 27. Kg3 Qd2 28. Qf6 Qf4+ 29. Qxf4 exf4+ 30. Kf3 Kg7 31. Rd6 Bb6 32. h4 h5 33. Rd2 Rd8 34. Rxd8 Bxd8 35. Kxf4 Bxh4 36. g3 Bd8 37. Kf3 g5 38. Bc4 Kg6 39. g4 h4 40. Bd3+ Kf6 41. Bc4 Bb6 42. Kg2 Ke7 43. f3 1/2-1/2